Т. 2 : Космические аппараты и их системы. Проектирование и перспективы развития ракетно-космических систем; Введение в ракетно-космическую технику

Podrobná bibliografie
Parent link:Введение в ракетно-космическую технику: учебное пособие/ А. П. Аверьянов [и др.]. Т. 2 : Космические аппараты и их системы. Проектирование и перспективы развития ракетно-космических систем.— , 2018
Shrnutí:Подготовлено с целью углубленного и расширенного ознакомления студентов и аспирантов смежных специальностей с прикладными и основополагающими сведениями по существу из всех основных разделов ракетнокосмической науки и техники, знание которых крайне необходимо и важно для лиц, готовящихся стать хорошо осведомленными специалистами в области разработок и использования космических систем различного назначения, в том числе систем связи, навигации, телевидения и систем мониторинга, создание которых основано во многом на знании предметных областей информатики, радиотехники, электроники и автоматики.
Jazyk:ruština
Vydáno: 2018
Témata:
Médium: MixedMaterials Kniha
KOHA link:https://koha.lib.tpu.ru/cgi-bin/koha/opac-detail.pl?biblionumber=343036

MARC

LEADER 00000nam2a2200000 4500
001 343036
005 20231102005521.0
010 |a 9785972901968 
035 |a (RuTPU)RU\TPU\book\372787 
035 |a RU\TPU\book\372786 
090 |a 343036 
100 |a 20190619d2018 m y0rusy50 ca 
101 0 |a rus 
102 |a RU 
105 |a a j 001zy 
200 0 |a Т. 2 : Космические аппараты и их системы. Проектирование и перспективы развития ракетно-космических систем 
210 |d 2018 
215 |a 444 с.  |c ил. 
320 |a Библиогр.: с. 433-438 
330 |a Подготовлено с целью углубленного и расширенного ознакомления студентов и аспирантов смежных специальностей с прикладными и основополагающими сведениями по существу из всех основных разделов ракетнокосмической науки и техники, знание которых крайне необходимо и важно для лиц, готовящихся стать хорошо осведомленными специалистами в области разработок и использования космических систем различного назначения, в том числе систем связи, навигации, телевидения и систем мониторинга, создание которых основано во многом на знании предметных областей информатики, радиотехники, электроники и автоматики. 
461 1 |0 (RuTPU)RU\TPU\book\350868  |t Введение в ракетно-космическую технику  |o учебное пособие  |f А. П. Аверьянов [и др.]  |v Т. 2 : Космические аппараты и их системы. Проектирование и перспективы развития ракетно-космических систем  |d 2018 
606 1 |a Ракеты космические  |2 stltpush  |3 (RuTPU)RU\TPU\subj\23773  |9 48306 
610 1 |a космические аппараты 
610 1 |a построение 
610 1 |a условия работы 
610 1 |a космическая баллистика 
610 1 |a спутниковая связь 
610 1 |a космические навигационные системы 
610 1 |a Земля 
610 1 |a дистанционное зондирование 
610 1 |a наземно-космические станции 
610 1 |a космические средства оборонного назначения 
610 1 |a поисковое исследовательское проектирование 
610 1 |a автоматизация 
610 1 |a баллистические ракеты 
610 1 |a системы управления 
610 1 |a синтез 
610 1 |a ракетно-космические объекты 
610 1 |a ракетно-космическая отрасль 
610 1 |a космическая деятельность 
610 1 |a экономически эффективное использование 
610 1 |a коммерциализация 
610 1 |a перспективы 
610 1 |a учебные пособия 
675 |a 629.765(075.8)  |v 4 
801 1 |a RU  |b 63413507  |c 20190619 
801 2 |a RU  |b 63413507  |c 20190823  |g RCR 
942 |c BK